| Tag |
First Indicator |
Second Indicator |
Subfields |
| LEADER |
00000cam a2200000 a 4500 |
| 001 |
in00000009429 |
| 005 |
20151007051537.0 |
| 008 |
861002s1986 gw a bc 00100 ger d |
| 035 |
|
|
|a (OCoLC)14758780
|
| 035 |
|
|
|9 AAA3517AM
|
| 040 |
|
|
|a BRL
|c BRL
|d m/c
|d TXA
|d UtOrBLW
|
| 043 |
|
|
|a e-gw---
|a e-it---
|a e-gr---
|
| 049 |
|
|
|a TXAM
|c [A12568134]
|
| 050 |
0 |
0 |
|a NA2790
|b .A685 1986
|
| 050 |
|
4 |
|a N2308.4
|b .A57 Nr. 14
|
| 245 |
0 |
0 |
|a Antike Bauten in Modell und Zeichnung um 1800 :
|b vollständiger Katalog der Korkmodelle und der Sonderausstellung 1986 /
|c bearbeitet von Peter Gercke ; mit Beiträgen von Anita Büttner [and others].
|
| 264 |
|
1 |
|a Kassel :
|b Staatliche Kunstsammlungen,
|c [1986]
|
| 300 |
|
|
|a 192 pages :
|b illustrations (some color) ;
|c 22 cm.
|
| 336 |
|
|
|a text
|b txt
|2 rdacontent
|
| 337 |
|
|
|a unmediated
|b n
|2 rdamedia
|
| 338 |
|
|
|a volume
|b nc
|2 rdacarrier
|
| 490 |
1 |
|
|a Kataloge der Staatlichen Kunstsammlungen Kassel ;
|v Nr. 14
|
| 500 |
|
|
|a Includes index.
|
| 504 |
|
|
|a Bibliography: pages 59-62.
|
| 650 |
|
0 |
|a Architectural models
|z Germany
|z Kassel
|v Exhibitions.
|
| 650 |
|
0 |
|a Architectural drawing
|z Germany
|z Kassel
|y 18th century
|v Exhibitions.
|
| 650 |
|
0 |
|a Architectural drawing
|z Germany
|z Kassel
|y 19th century
|v Exhibitions.
|
| 650 |
|
0 |
|a Architecture, Classical
|v Exhibitions.
|
| 700 |
1 |
|
|a Gercke, Peter.
|
| 710 |
2 |
|
|a Staatliche Kunstsammlungen Kassel.
|
| 830 |
|
0 |
|a Kataloge der Staatlichen Kunstsammlungen Kassel ;
|v Nr. 14.
|
| 999 |
|
|
|a MARS
|
| 999 |
f |
f |
|s 23c48cfd-31ad-3af3-b4db-9f0048e33dcb
|i e06c02ac-83f6-38f6-a7e2-12b399814c7b
|t 0
|
| 952 |
f |
f |
|p normal
|a Texas A&M University
|b College Station
|c Sterling C. Evans Library
|d Evans: Library Stacks
|t 0
|e N2308.4 .A57 Nr.14
|h Library of Congress classification
|i unmediated -- volume
|m A14812568134
|
| 998 |
f |
f |
|a N2308.4 .A57 Nr.14
|t 0
|l Evans: Library Stacks
|